书目信息 |
| 题名: |
科学分类手册--化学
|
|
| 作者: | ;李芝芬 译 ;戴尔格兰姆专业小组 著 | |
| 分册: | ||
| 出版信息: | 北京 光明日报出版社 2004 |
|
| 页数: | 225页 | |
| 开本: | 21cm | |
| 丛书名: | ||
| 单 册: | ||
| 中图分类: | N62 , O6-62 | |
| 科图分类: | ||
| 主题词: | 自然科学--手册 , 化学--手册 , 自然科学 , 化学 | |
| 电子资源: | ||
| ISBN: | 7-80145-793-5 | |
| 000 | 00980nam0 2200289 450 | |
| 001 | 1553268081 | |
| 005 | 20150131144817.84 | |
| 010 | @a7-80145-793-5@dCNY22.00 | |
| 100 | @a20050117d2004 em y0chiy50 ea | |
| 101 | 2 | @achi@aeng@ceng |
| 102 | @aCN@b110000 | |
| 105 | @aa z 001yd | |
| 200 | 1 | @a科学分类手册--化学@Ake xue fen lei shou ce--hua xue@e[中英文本]@f(美)戴尔格兰姆专业小组著@g李芝芬等译 |
| 210 | @a北京@c光明日报出版社@d2004 | |
| 215 | @a225页@c图@d21cm | |
| 330 | @a本书共分术语、人物介绍、大事记、图和表四章,收有1400多条术语,介绍了300多位化学家,叙述了近9000多年的化学发展史。 | |
| 510 | 1 | @aFacts on File Science Library@iChemistry@zeng |
| 606 | 0 | @a自然科学@j手册 |
| 606 | 0 | @a化学@j手册 |
| 606 | 0 | @a自然科学 |
| 606 | 0 | @a化学 |
| 690 | @aN62@v4 | |
| 690 | @aO6-62@v4 | |
| 702 | 0 | @a李芝芬@Ali zhi fen@4译 |
| 711 | 02 | @c(美)@a戴尔格兰姆专业小组@Adai er ge lan mu zhuan ye xiao zu@4著 |
| 801 | 0 | @aCN@bNLC@c20101222 |
| 905 | @aZUCC@dN62@eJY1 | |
| 科学分类手册--化学:[中英文本]/(美)戴尔格兰姆专业小组著/李芝芬等译.-北京:光明日报出版社,2004 |
| 225页:图;21cm |
| ISBN 7-80145-793-5:CNY22.00 |
| 本书共分术语、人物介绍、大事记、图和表四章,收有1400多条术语,介绍了300多位化学家,叙述了近9000多年的化学发展史。 |
| ● |
| 相关链接 |
|
|
|
|
正题名:科学分类手册--化学
索取号:N62/JY1
 
预约/预借
| 序号 | 登录号 | 条形码 | 馆藏地/架位号 | 状态 | 备注 |
| 1 | 7862009 | 278620093 | 学院路分馆/ [索取号:N62/JY1] | 在馆 | |
| 2 | 7862010 | 278620100 | 学院路分馆/ [索取号:N62/JY1] | 在馆 |